Statistics for Geography Letter Puzzle Quiz

Click here to take the quiz!

General Stats

  • This quiz has been taken 19 times
  • The average score is 5 of 15

Answer Stats

HintAnswer% Correct
50 S in the US50 States in the United States
100%
197 C of the W197 Countries of the World
94%
4 C in the U K4 Countries in the United Kingdom
75%
5 O of the W5 Oceans of the World
56%
7 C of the W7 Continents of the World
50%
7 W of the A W7 Wonders of the Ancient World
50%
3 C in S A3 Capitals in South Africa
25%
13 S on the U S F13 Stripes on the United States Flag
19%
8848 M of E8848 Metres of Everest
19%
10 P in C10 Provinces in Canada
13%
3 C on the I O B3 Countries on the Island of Borneo
6%
6 S in A6 States in Australia
6%
8 M I of H8 Main Islands of Hawaii
6%
1 C with a F-S F1 Country with a Five-Sided Flag
0%
28 C in the E U28 Countries in the UK
0%

Score Distribution

Percentile by Number Answered

Percent of People with Each Score

Your Score History

You have not taken this quiz